zpět

Detail výsledku týmu

Dělnický dům, Jihlava

Datum a čas kvízu

24 Celkem bodů Celkový počet nahraných bodů na tomto kvízu bez doplňovacích otázek.
5. Pořadí na kvízu Konečné umístění týmu na tomto kvízu.

Zaznamenané odpovědi

# Otázka Odpověď Body Výsledky
1. Ministr dopravy Vladimír Kreml... Francie 1
2. Kuriózní nehoda se stala na le... Do letounu narazila nezabržděná dodávka. 0
3. Anglická herečka Bella Ramseyo... Lyanna Mormontová 1
4. Čínská společnost Xiaomi přišl... v automatu 0
5. Jakub Voráček se stal druhým h... Matěj 0
6. Volby do Evropského parlamentu... čtvrté 1
7. Z výsledků voleb vzejde i nový... Jan Zahradil 0
8. Přiřaďte lídry kandidátek k je... 1A 2B 3D 4C 0
9. Ve francouzském Štrasburku síd... Rada Evropy 0
10. Jedenatřicetiletý kandidát nov... Tinder 1